000 00381nam a22001697a 4500
003 SGT
020 _a9780323545082
082 _a617.51
_bI18G
100 _aGURGEL, RICHSRD K.
245 _aIMAGING IN OTOLARYNGOLOGY
250 _a1ST
260 _aPHILADELPHIA
_bELSEVIR PUB
_c2018
300 _a497
650 _aENT
653 _aIMAGING IN OTOLARYNGOLOGY
942 _2ddc
_cBK
999 _c23193
_d23193